Statistics for Guess the Song with Images - Melanie Martinez

Click here to take the quiz!

General Stats

  • This quiz has been taken 1,259 times
  • The average score is 10 of 12

Answer Stats

Answer% Correct
Crybaby
94%
Milk and Cookies
94%
Gingerbread Man
87%
Dollhouse
86%
Strawberry Shortcake
86%
Wheels on the Bus
86%
Pity Party
85%
Soap
80%
Fire Drill
79%
Numbers
79%
Notebook
74%
Glued
68%

Score Distribution

Percentile by Number Answered

Percent of People with Each Score

Your Score History

You have not taken this quiz